| 000 | 00630nam a2200229 a 4500 | ||
|---|---|---|---|
| 001 | BRL_27 | ||
| 005 | 20190320210545.0 | ||
| 008 | 820204s1980 bo-af#####---#000-0#spa-# | ||
| 040 |
_aDLC _cDLC _dDLC |
||
| 041 | _aspa | ||
| 044 | _abo | ||
| 050 | 4 |
_aF3319.1.T5 _b.B64 1980 |
|
| 100 | 1 |
_aBoero Rojo, Hugo _922687 |
|
| 245 | 1 | 0 |
_aDescubriendo Tiwanaku _cHugo Boero Rojo. |
| 260 |
_aBolivia _bLos Amigos del Libro _c1980 |
||
| 300 |
_a338 p. _bil. (algunas a color), mapas _c18 cm. |
||
| 440 | 0 |
_aColección ´Bolivia mágica´ _922688 |
|
| 500 | _aAu89 | ||
| 651 | 4 |
_aTiwanaku _yHistoria _922689 |
|
| 902 | _aGRL | ||
| 942 |
_2lcc _cB |
||
| 999 |
_c8840 _d8840 |
||